Diseño de identidad y materiales para evento solidario a la persona con trastorno del espectro autista (TEA) / (Record no. 9545)

000 -LEADER
fixed length control field 02027nam a22002657a 4500
003 - CONTROL NUMBER IDENTIFIER
control field DO-SlITS
005 - DATE AND TIME OF LATEST TRANSACTION
control field 20260207064115.0
007 - PHYSICAL DESCRIPTION FIXED FIELD--GENERAL INFORMATION
fixed length control field ta
008 - FIXED-LENGTH DATA ELEMENTS--GENERAL INFORMATION
fixed length control field 260206b20242026RD acdofri||||||1|||spa|d
040 ## - CATALOGING SOURCE
Original cataloging agency DO-SlITS
Language of cataloging spa
Transcribing agency DO-SlITS
Modifying agency rda
041 ## - LANGUAGE CODE
Language code of text/sound track or separate title spa
082 ## - DEWEY DECIMAL CLASSIFICATION NUMBER
Classification number PF-TSDG 741.6 R175d 2024 e.1
Edition number 23
100 ## - MAIN ENTRY--PERSONAL NAME
9 (RLIN) 22030
Personal name Ramírez, Ana
Dates associated with a name 2021-1535
Relator term Sustentante
245 ## - TITLE STATEMENT
Title Diseño de identidad y materiales para evento solidario a la persona con trastorno del espectro autista (TEA) /
Statement of responsibility, etc. Ana Ramírez, Rosangie Mella. [Asesora: Leocadia Báez]
264 ## - PRODUCTION, PUBLICATION, DISTRIBUTION, MANUFACTURE, AND COPYRIGHT NOTICE
Place of production, publication, distribution, manufacture Santo Domingo Este, República Dominicana :
Name of producer, publisher, distributor, manufacturer Instituto Técnico Superior Comunitario (ITSC). Vicerrectoría Académica. Área de Artes ;
Date of production, publication, distribution, manufacture, or copyright notice 2024
300 ## - PHYSICAL DESCRIPTION
Extent 87 hojas :
Other physical details ilustraciones, gráficas, fotografía ;
Dimensions 28 x 22 cm.
336 ## - CONTENT TYPE
Content type term texto
Content type code txt
Source rdacontent
337 ## - MEDIA TYPE
Media type term informático
Media type code c
Source rdamedia
502 ## - DISSERTATION NOTE
Dissertation note Proyecto final para optar por el título: Técnico Superior en Diseño Gráfico.
Name of granting institution Instituto Técnico Superior Comunitario (ITSC). Santo Domingo Este, República Dominicana,
Year degree granted 2024.
504 ## - BIBLIOGRAPHY, ETC. NOTE
Bibliography, etc Contiene referencias bibliográficas hoja: (81)
505 ## - FORMATTED CONTENTS NOTE
Formatted contents note Tabla de contenido / Dedicatoria / Agradecimiento / Agradecimiento / Introducción / Delimitación del tema de investigación / Planeamiento del problema / Justificación / Objetivos / Objetivos general / Objetivos específicos/ Marco conceptual / Condiciones y discapacidades /Termino importante / Trastorno mentales / Colores en representación de los trastorno / Diseño gráfico / Identidad visual / Teoría del color / El Diseño gráfico en planificación de evento / Marco contextual / Los distintito tipo de autismo / El autismo en la Republica Dominicana / Evento dedicado al apoyo de persona con trastorno psicológico / Síntesis de evento a proponer / Propuesta / Desarrollo de propuesta / Conclusiones / Referencia / Anexos / <br/>
700 ## - ADDED ENTRY--PERSONAL NAME
9 (RLIN) 22031
Personal name Mella, Rosangie
Dates associated with a name 2020-1510
Relator term Sustentante
700 1# - ADDED ENTRY--PERSONAL NAME
Personal name Báez, Leocadia,
Relator term Docente
-- Asesora
9 (RLIN) 16659
942 ## - ADDED ENTRY ELEMENTS (KOHA)
Source of classification or shelving scheme
Koha item type Proyectos finales
Holdings
Withdrawn status Lost status Source of classification or shelving scheme Materials specified (bound volume or other part) Damaged status Not for loan Permanent Location Current Location Shelving location Date acquired Source of acquisition Full call number Barcode Date last seen Price effective from Koha item type
      ddc     Biblio - ITSC Biblio - ITSC Sala Dominicana 06/02/2026 Donación PF-TSDG 741.6 R175d 2024 e.1 Biblio-ITSC 2026-0067 06/02/2026 06/02/2026 Proyectos finales

Carr. Mella, Km. 14, Esq. Francisco de Rosario Sánchez San Luis, Sto Dgo. Este. TEl. 809.475.4872 ext. 3100, 3101 y 3102 Correo electrónico: biblioteca@itsc.edu.do

Powered by Koha